00678nam a2200229 a 4500001001300000003000900013005001700022008004100039020002300080082001600103100002200119245003100141260004300172300001000215500003500225650001700260700002200277902000800299942000700307952011700314999001700431nice12345678IN_TiNIC20260116014544.0140912s2013 anaa grp 000 0 eng  a8187886250 c18000a291.4bDEM1 aDe Mello, Anthony aPrayer of the Frog (vol I) aAnand bGujarat Sahitya Prakash c2013 a248p  aincludes index and biblioraphy aSpirituality1 aDe Mello, Anthony bSRS cBK 001040708StackRoom-aHMIbHMId2005-01-01g180.00l0o291.4 DEM1p024692r2005-01-01v180.00w2014-09-12yBK c15944d15944